|
|
|
|
| LEADER |
00000nam a2200000 a 4500 |
| 005 |
20120619172349.0 |
| 007 |
cr ||||||||||| |
| 008 |
120611s2012 spc|||| |||||0|| 0 cat|c |
| 020 |
|
|
|a 9788476989302
|
| 035 |
|
|
|a 6391
|
| 040 |
|
|
|d vLex
|
| 090 |
|
|
|c 3199
|d 3199
|
| 100 |
1 |
|
|a Dot ︢i Guri, Maria del Mar
|
| 245 |
1 |
3 |
|a La Prestaci ̤d'aliments entre parents :
|b especial incidn̈cia en la pensi ̤d'aliments a favor dels fills menors
|h [Recurs electrṇic] /
|c Maria del Mar Dot ︢i Guri
|
| 256 |
|
|
|a Servicio en ln̕ea
|
| 260 |
|
|
|a Barcelona :
|b Bosch Editor,
|c 2012
|
| 300 |
|
|
|a 1 recurso electrn̤ico
|
| 504 |
|
|
|a Bibliografa̕ e n̕dice
|
| 506 |
1 |
|
|a Contenido solo disponible en los productos indicados
|d vLex Global
|d vLex Global (Academic Edition, excluding Law Schools)
|d vLex Global (U.S. Academic Edition, Law Schools)
|d vLex Global (U.S. Academic Edition, excluding Law Schools)
|d vLex Global (Academic Edition, Law Schools)
|
| 650 |
|
4 |
|a Patria potestad
|z Cataluą
|
| 650 |
|
4 |
|a Pensiones alimenticias (Derecho de familia)
|z Cataluą
|
| 650 |
|
4 |
|a Pensiones alimenticias
|
| 650 |
|
4 |
|a Derecho civil
|
| 650 |
|
4 |
|a Derecho de familia (Derecho catalǹ)
|
| 740 |
0 |
|
|a vLex Libros (Servicio en ln̕ea)
|
| 856 |
4 |
0 |
|z Acceso restringido
|u http://vlex.com/source/prestacio-d-aliments-parents-especial-incidencia-pensio-d-aliments-favor-fills-menors-6391
|
| 942 |
|
|
|c BOOK
|